| 000 | 01542cam a2200265 4500 | ||
|---|---|---|---|
| 001 | ABS66458 | ||
| 008 | 030225n2003 000 0 eng u | ||
| 035 | _a(Sirsi) u121421 | ||
| 100 | _aDamesick, P. | ||
| 245 | _aLondon plan: a growth platform on shifting sands | ||
| 260 | _c2003 | ||
| 490 |
_aEstates Gazette _v(0307) 15 February 2003, 126-128(3) |
||
| 520 | _aPresents the findings of research by Insignia Richard Ellis into the feasibility of the Draft London Plan (DLP). In particular, questions expectations for office demand growth in the DLP and whether these are in line with plans for transport and housing in London. With regards to transport, points out that Thameslink 2000, the east-west Crossrail and the East London Line extension are subject to uncertainty and delay. Also looks at population growth forecasts and affordable housing provision, the effect of proposed planning obligations on developers, employment projections and office demand, the DLP strategy for the location of future office supply and the composition of demand and how the London economy has fundamentally changed since 2000. | ||
| 590 | _aABS | ||
| 650 | _aLONDON PLAN | ||
| 650 | _aOFFICE SPACE | ||
| 650 | _aPROPERTY-COMMERCIAL PROPERTY-OFFICE PROPERTY-OFFICE PROPERTY MARKET | ||
| 650 | _aOFFICE DEMAND | ||
| 650 | _aRAIL SCHEMES | ||
| 650 | _aTRANSPORT INFRASTRUCTURE | ||
| 650 | _aPLANNING OBLIGATIONS | ||
| 650 | _aEMPLOYMENT TRENDS | ||
| 690 | _aENVIRONMENTAL AND LAND CONSULTANCY-PLANNING AND DEVELOPMENT | ||
| 942 | _n0 | ||
| 999 |
_c72149 _d72149 |
||